[Event "C.to Europeo U12 femminile"]
[Site "Fermo ITA"]
[Date "2009.09.04"]
[Round "5"]
[White "Arbore, Federica"]
[Black "Tittarelli, Elena"]
[Result "1/2-1/2"]
[WhiteElo "1239"]
[BlackElo "1269"]
[PlyCount "122"]
[EventDate "2009.08.31"]

1. e4 e5 2. Bc4 Nc6 3. Nc3 Bc5 4. d3 Nf6 5. Bg5 d6 6. Nd5 Be6 7. Nxf6+ gxf6 8.
Bxe6 fxe6 9. Qh5+ Kd7 10. Qf7+ Qe7 11. Qxe7+ Kxe7 12. Bh4 Raf8 13. O-O-O Kd7
14. Nf3 f5 15. exf5 exf5 16. Rhe1 Rhg8 17. d4 Nxd4 18. Nxe5+ dxe5 19. c3 Rxg2
20. cxd4 exd4 21. b4 Bb6 22. Re7+ Kc8 23. Rxh7 Rxh2 24. a4 a6 25. a5 Ba7 26.
Rg1 Bb8 27. Rd1 Rd8 28. Bxd8 Rxh7 29. Bf6 Ba7 30. Kc2 Rd7 31. Rh1 d3+ 32. Kd2
b6 33. Rh8+ Kb7 34. Rh5 bxa5 35. bxa5 Bxf2 36. Rxf5 Bd4 37. Bxd4 Rxd4 38. Rf3
Kc6 39. Rf6+ Rd6 40. Rxd6+ cxd6 41. Kxd3 Kc5 42. Kc3 d5 43. Kc2 Kc4 44. Kd2 d4
45. Kc2 d3+ 46. Kd2 Kd4 47. Kd1 Kc3 48. Kc1 d2+ 49. Kd1 Kb4 50. Kxd2 Kxa5 51.
Kc2 Kb4 52. Kb2 a5 53. Ka2 Kb5 54. Kb3 a4+ 55. Ka3 Ka5 56. Ka2 Kb4 57. Kb2 a3+
58. Ka2 Ka4 59. Ka1 Kb3 60. Kb1 a2+ 61. Ka1 Ka3 1/2-1/2

[Event "C.to Europeo U12 femminile"]
[Site "Fermo ITA"]
[Date "2009.09.04"]
[Round "5"]
[White "Dadello, Aleksandra"]
[Black "Khomeriki, Nino"]
[Result "0-1"]
[WhiteElo "1731"]
[BlackElo "1639"]
[PlyCount "68"]
[EventDate "2009.08.31"]

1. e4 c5 2. Nf3 d6 3. d4 cxd4 4. Nxd4 Nf6 5. Nc3 Nc6 6. f3 e5 7. Ndb5 a6 8. Na3
b5 9. Nd5 Nxd5 10. Qxd5 Qc7 11. Be3 Be6 12. Qd2 Be7 13. c4 bxc4 14. Nxc4 O-O
15. Rc1 d5 16. exd5 Bb4 17. Rc3 Bxc3 18. bxc3 Rad8 19. Bb6 Qb8 20. Bxd8 Rxd8
21. Qb2 Bxd5 22. Qxb8 Rxb8 23. Nd2 a5 24. a4 Na7 25. Bd3 Bc6 26. Ke2 g6 27. Nc4
Bxa4 28. Ra1 Bb5 29. Nxe5 Re8 30. c4 Rxe5+ 31. Kd2 Bd7 32. Rb1 Bc6 33. Be4 Bxe4
34. Kc3 f5 0-1

[Event "C.to Europeo U12 femminile"]
[Site "Fermo ITA"]
[Date "2009.09.04"]
[Round "5"]
[White "Gueci, Laura"]
[Black "Drogovoz, Maria"]
[Result "0-1"]
[WhiteElo "1572"]
[BlackElo "1756"]
[PlyCount "68"]
[EventDate "2009.08.31"]

1. e4 c5 2. Nf3 d6 3. d4 cxd4 4. Nxd4 a6 5. Bc4 Nf6 6. Nc3 e6 7. Bb3 b5 8. Bg5
Be7 9. Qf3 Qb6 10. O-O-O Bb7 11. Rhe1 Nbd7 12. Be3 Qa5 13. Bd2 b4 14. Na4 Rc8
15. Qg3 Nc5 16. Nxc5 dxc5 17. Bxe6 fxe6 18. Nxe6 Qxa2 19. Bf4 Qxe6 20. e5 Nh5
21. Qe3 O-O 22. Bg3 Nxg3 23. hxg3 Rcd8 24. f4 a5 25. Rxd8 Rxd8 26. Rd1 Rxd1+
27. Kxd1 Qd5+ 28. Kc1 Qxg2 29. Qd3 Qe4 30. Qd2 Qh1+ 31. Qd1 Qxd1+ 32. Kxd1 Bc8
33. Kd2 g5 34. f5 Bxf5 0-1

[Event "C.to Europeo U12 femminile"]
[Site "Fermo ITA"]
[Date "2009.09.04"]
[Round "5"]
[White "Hincu, Olga"]
[Black "Kisteneva, Elizaveta"]
[Result "1/2-1/2"]
[WhiteElo "1609"]
[BlackElo "1797"]
[PlyCount "83"]
[EventDate "2009.08.31"]

1. d4 d5 2. Nf3 Nf6 3. c4 e6 4. Nc3 Nbd7 5. Bg5 c6 6. cxd5 exd5 7. e3 Bd6 8.
Bd3 O-O 9. Qc2 h6 10. Bh4 Qc7 11. O-O Re8 12. Bg3 Bxg3 13. hxg3 Nf8 14. b4 a6
15. a4 Qe7 16. b5 axb5 17. axb5 Bd7 18. bxc6 Bxc6 19. Qb2 Ne4 20. Ne5 Nxc3 21.
Qxc3 Qd6 22. Ra5 Rac8 23. Qb3 f6 24. Nf3 Kh8 25. Rfa1 Nd7 26. Nh4 Nf8 27. Ra7
Ne6 28. Bc2 Ng5 29. Ng6+ Kg8 30. Nf4 Rcd8 31. Qb6 Ne4 32. Nd3 Qf8 33. Nb4 Rd6
34. Bxe4 Rxe4 35. Nxc6 bxc6 36. Qb7 Kh7 37. Ra8 Qe7 38. Qb8 Qe6 39. Qh8+ Kg6
40. Rb1 Rd7 41. Rb6 Re7 42. Qc8 1/2-1/2

[Event "C.to Europeo U12 femminile"]
[Site "Fermo ITA"]
[Date "2009.09.04"]
[Round "5"]
[White "Vasova, Maria"]
[Black "Papathanasiou, Elisavet"]
[Result "1/2-1/2"]
[WhiteElo "1757"]
[BlackElo "1638"]
[PlyCount "162"]
[EventDate "2009.08.31"]

1. e4 c5 2. Nf3 Nc6 3. d4 cxd4 4. Nxd4 g6 5. Nc3 Bg7 6. Be3 Nf6 7. Nxc6 dxc6 8.
Qxd8+ Kxd8 9. O-O-O+ Ke8 10. Bc4 Ng4 11. Bd4 Bxd4 12. Rxd4 e6 13. Rhd1 Ke7 14.
R4d2 Nf6 15. f3 Bd7 16. e5 Nd5 17. Ne4 Rad8 18. Nd6 b6 19. a4 Rhf8 20. Ba6 Nc7
21. Bf1 Nd5 22. a5 f6 23. Nb7 Rb8 24. exf6+ Rxf6 25. a6 Bc8 26. c4 Ne3 27. Nd8
Nxd1 28. Nxc6+ Kf7 29. Nxb8 Ne3 30. Be2 e5 31. Rd8 Be6 32. Nd7 Ke7 33. Nxf6
Kxd8 34. Nxh7 Nxg2 35. Nf6 Nf4 36. Bf1 Bc8 37. Ng4 e4 38. Ne5 exf3 39. Nxf3
Bxa6 40. Kd2 Ke7 41. Ke3 Ne6 42. Ne5 Kd6 43. Nxg6 Kc5 44. Ne5 Ng7 45. Bd3 Kd6
46. Nf3 Kc5 47. Nd2 Bc8 48. Kf4 Kd4 49. Be2 Ne6+ 50. Kf3 Ng5+ 51. Kf2 Nh3+ 52.
Ke1 Be6 53. Nf3+ Kc5 54. b3 b5 55. Nd2 bxc4 56. Bxc4 Bg4 57. Ne4+ Kd4 58. Nf6
Bf5 59. Ke2 Bc2 60. Kd2 Bf5 61. Ne8 Ng5 62. Nd6 Bd7 63. Kc2 Ke5 64. Nb5 a6 65.
Nc3 Bc8 66. h4 Nf3 67. h5 Nd4+ 68. Kd3 Bf5+ 69. Kd2 a5 70. Ne2 Nxe2 71. Bxe2
Be6 72. Kc3 Bxb3 73. Kxb3 Kf6 74. Bd3 Kg5 75. Bg6 Kh6 76. Ka4 Kg7 77. Kxa5 Kh6
78. Kb6 Kg7 79. Kc6 Kh6 80. Kd6 Kg7 81. Ke6 Kh8 1/2-1/2

[Event "C.to Europeo U12 femminile"]
[Site "Fermo ITA"]
[Date "2009.09.06"]
[Round "6"]
[White "Khomeriki, Nino"]
[Black "Vasova, Maria"]
[Result "1-0"]
[WhiteElo "1639"]
[BlackElo "1757"]
[PlyCount "63"]
[EventDate "2009.08.31"]

1. f4 d5 2. Nf3 Nf6 3. b3 Bf5 4. Bb2 e6 5. e3 Be7 6. g3 c5 7. Bg2 Nc6 8. O-O
O-O 9. d3 Rc8 10. Qe2 h6 11. h3 c4 12. Nh4 cxd3 13. cxd3 Bh7 14. Na3 Nb4 15.
Rad1 Qa5 16. f5 Rc7 17. e4 Ne8 18. Qg4 Bf6 19. d4 Nc2 20. Nxc2 Rxc2 21. Bc1
Qxa2 22. fxe6 Bxh4 23. gxh4 f5 24. e7 Rf6 25. exf5 Bxf5 26. Bxd5+ Kh8 27. Rxf5
Rh2 28. Rxf6 Nxf6 29. Qc8+ Kh7 30. Qf5+ Kh8 31. Qxf6 gxf6 32. e8=Q+ 1-0

[Event "C.to Europeo U12 femminile"]
[Site "Fermo ITA"]
[Date "2009.09.06"]
[Round "6"]
[White "Paolillo, Gaia"]
[Black "Murawko, Katarzyna"]
[Result "1-0"]
[WhiteElo "1497"]
[BlackElo "1709"]
[PlyCount "117"]
[EventDate "2009.08.31"]

1. e4 c5 2. Nf3 d6 3. d4 cxd4 4. Qxd4 Nc6 5. Bb5 Bd7 6. Bxc6 Bxc6 7. Nc3 Nf6 8.
Bg5 e6 9. O-O Be7 10. Rad1 O-O 11. Rfe1 d5 12. exd5 Nxd5 13. Bxe7 Nxe7 14. Qf4
Qb6 15. Rb1 Rad8 16. Ne5 Rd4 17. Qg3 Nf5 18. Qh3 Rh4 19. Qd3 Rd8 20. Qf1 Nd4
21. Nxc6 bxc6 22. Rec1 Qb8 23. h3 Rh6 24. Ne2 Rg6 25. Nxd4 Rxd4 26. Rd1 Rh4 27.
Qd3 h6 28. Qd8+ Qxd8 29. Rxd8+ Kh7 30. Kh2 Rf6 31. g3 Ra4 32. Kg2 Rxa2 33. Rd7
c5 34. Rc7 Ra5 35. Rd1 Kg6 36. Rdd7 a6 37. Rd6 Rf5 38. Ra7 Rb5 39. b3 a5 40. g4
Rd5 41. c4 Rxd6 42. cxb5 Rd3 43. Rxa5 Rxb3 44. b6 Rxb6 45. Rxc5 Rb3 46. f3 f6
47. Rc6 e5 48. Rc7 Rb4 49. h4 Rd4 50. h5+ Kh7 51. Kg3 Rd3 52. Kg2 Rd8 53. Kg3
Re8 54. f4 e4 55. Kf2 e3+ 56. Ke2 Re4 57. g5 Rxf4 58. g6+ Kg8 59. Rc8# 1-0

[Event "C.to Europeo U12 femminile"]
[Site "Fermo ITA"]
[Date "2009.09.06"]
[Round "6"]
[White "Ramundi, Claudia"]
[Black "Galante, Carlotta"]
[Result "0-1"]
[WhiteElo "1395"]
[BlackElo "1284"]
[PlyCount "90"]
[EventDate "2009.08.31"]

1. e4 c5 2. Nc3 d6 3. f4 Nf6 4. Bb5+ Nbd7 5. Nf3 a6 6. Bxd7+ Bxd7 7. d3 e6 8.
Be3 Be7 9. O-O O-O 10. Qe2 b5 11. Nd1 b4 12. b3 Qc7 13. Nb2 Bc6 14. f5 exf5 15.
exf5 Nd5 16. Qf2 Nxe3 17. Qxe3 Bf6 18. d4 Bxf3 19. Rxf3 Bxd4 20. Rg3 Bxe3+ 21.
Rxe3 Rfe8 22. Rg3 Qe7 23. Nd3 Qf6 24. Rf1 Qd4+ 25. Kh1 Re3 26. Rxe3 Qxe3 27. h3
d5 28. Nf4 d4 29. Nd5 Qd2 30. Nf4 Qxc2 31. Re1 d3 32. Kh2 d2 33. Re2 Qc1 34.
Nd3 Qc3 35. Nf2 Qc1 36. Nd3 Qd1 37. Rf2 Re8 38. Nb2 Qe1 39. Nd3 d1=Q 40. Nxe1
Rxe1 41. Kg3 Re3+ 42. Kh2 Qd6+ 43. Kg1 Re1+ 44. Rf1 Qd4+ 45. Kh2 Rxf1 0-1

[Event "C.to Europeo U12 femminile"]
[Site "Fermo ITA"]
[Date "2009.09.07"]
[Round "7"]
[White "Bellaiche, Elise"]
[Black "Zavgorodniaya, Alena"]
[Result "1-0"]
[WhiteElo "1823"]
[BlackElo "1685"]
[PlyCount "71"]
[EventDate "2009.08.31"]

1. e4 e5 2. Nf3 Nc6 3. d4 exd4 4. Bc4 Nf6 5. O-O Nxe4 6. Re1 d5 7. Bxd5 Qxd5 8.
Nc3 Qd8 9. Nxe4 Be7 10. Bg5 f6 11. Nxf6+ gxf6 12. Bxf6 Rf8 13. Bxe7 Nxe7 14.
Ng5 Bf5 15. g4 Rg8 16. h4 Bg6 17. Qf3 Qd7 18. Qxb7 Qxg4+ 19. Kf1 Kd7 20. Qb5+
Kd8 21. Rad1 Bf5 22. Qc5 Bd7 23. Rxd4 Rxg5 24. Qxe7+ Kc8 25. Rxg4 Rxg4 26. Qf8+
Kb7 27. Qf3+ c6 28. Re7 Rag8 29. Rxd7+ Kb6 30. Qe3+ c5 31. Qe6+ Kb5 32. Rb7+
Ka5 33. Rxa7+ Kb5 34. Rb7+ Ka5 35. Qb6+ Ka4 36. Qb5# 1-0

[Event "C.to Europeo U12 femminile"]
[Site "Fermo ITA"]
[Date "2009.09.07"]
[Round "7"]
[White "Haussernot, Cecile"]
[Black "Varga, Melinda"]
[Result "1-0"]
[WhiteElo "1995"]
[BlackElo "1690"]
[PlyCount "71"]
[EventDate "2009.08.31"]

1. e4 c5 2. Nc3 d6 3. g3 b6 4. Bg2 Bb7 5. d3 e6 6. Nge2 a6 7. O-O Qc7 8. f4 Nf6
9. h3 Be7 10. Be3 O-O 11. g4 Nfd7 12. f5 Ne5 13. Nf4 Qd7 14. Nh5 g6 15. Ng3 Qd8
16. Nce2 d5 17. Qd2 Nbc6 18. Bh6 Re8 19. Rf2 Bh4 20. exd5 exd5 21. g5 Nd4 22.
Rff1 Qd6 23. Nxd4 Bxg3 24. Ne2 Bh2+ 25. Kh1 Nc6 26. Nf4 Bxf4 27. Rxf4 Nd4 28.
fxg6 hxg6 29. Raf1 Nf5 30. Kg1 Ng3 31. Rxf7 Ne2+ 32. Kh1 Ng3+ 33. Kg1 Nxf1 34.
Qf2 Ng3 35. Rg7+ Kh8 36. Rh7+ 1-0

[Event "C.to Europeo U12 femminile"]
[Site "Fermo ITA"]
[Date "2009.09.07"]
[Round "7"]
[White "Papathanasiou, Elisavet"]
[Black "Khomeriki, Nino"]
[Result "1/2-1/2"]
[WhiteElo "1638"]
[BlackElo "1639"]
[PlyCount "55"]
[EventDate "2009.08.31"]

1. e4 c5 2. Nf3 d6 3. d4 cxd4 4. Nxd4 Nf6 5. Nc3 g6 6. f4 a6 7. Be2 Bg7 8. O-O
O-O 9. Be3 Nc6 10. Bf3 Bd7 11. Nb3 Na5 12. e5 Nc4 13. exf6 Nxe3 14. fxg7 Nxd1
15. gxf8=Q+ Kxf8 16. Raxd1 Bf5 17. Rf2 Qb6 18. Nd5 Qa7 19. Nd4 Rc8 20. Nxf5
gxf5 21. c3 b5 22. Kf1 Qc5 23. Re2 e6 24. Nf6 Kg7 25. Nh5+ Kh8 26. Red2 d5 27.
Rd4 a5 28. a3 1/2-1/2

[Event "C.to Europeo U12 femminile"]
[Site "Fermo ITA"]
[Date "2009.09.07"]
[Round "7"]
[White "Patel, Yesim"]
[Black "Cirlig, Ioana-Andreea"]
[Result "1-0"]
[WhiteElo "1782"]
[BlackElo "1558"]
[PlyCount "59"]
[EventDate "2009.08.31"]

1. e4 c6 2. d4 d5 3. Nc3 dxe4 4. Nxe4 Bf5 5. Ng3 Bg6 6. Nf3 Nd7 7. h4 h6 8. h5
Bh7 9. Bd3 Bxd3 10. Qxd3 Ngf6 11. Ne4 Nxe4 12. Qxe4 Nf6 13. Qe2 e6 14. Bd2 Qb6
15. O-O-O O-O-O 16. c4 c5 17. Bc3 Qa6 18. Kb1 Nd5 19. Bd2 cxd4 20. Nxd4 Nb4 21.
Bxb4 Bxb4 22. Qe5 Qb6 23. c5 Qc7 24. Qxg7 Bxc5 25. Nb3 Rhg8 26. Qxh6 Kb8 27.
Qf6 Bb6 28. g3 Rdf8 29. Rd2 Rh8 30. Rc1 1-0

[Event "C.to Europeo U12 femminile"]
[Site "Fermo ITA"]
[Date "2009.09.07"]
[Round "7"]
[White "Vanagaite, Giedre"]
[Black "Schnegg, Anna-Lena"]
[Result "1/2-1/2"]
[WhiteElo "1725"]
[BlackElo "1814"]
[PlyCount "100"]
[EventDate "2009.08.31"]

1. d4 f5 2. c4 Nf6 3. Nc3 g6 4. g3 Bg7 5. Bg2 O-O 6. Nf3 d6 7. O-O Qe8 8. Qc2
Nc6 9. Rd1 Qf7 10. b3 e5 11. dxe5 dxe5 12. Ba3 Rd8 13. Rxd8+ Nxd8 14. Nxe5 Qe8
15. Rd1 Nd7 16. Nxd7 Bxd7 17. Nd5 Ne6 18. Bb2 Qf7 19. Bxg7 Qxg7 20. Qc3 Qxc3
21. Nxc3 Bc8 22. e3 Kf7 23. Kf1 c6 24. Ne2 Ke7 25. e4 fxe4 26. Bxe4 Nc5 27. Bg2
Bf5 28. Nd4 Bd3+ 29. Ke1 Rd8 30. Ne2 Kf7 31. f4 a5 32. Kf2 Re8 33. Rd2 Bxe2 34.
Rxe2 Nd3+ 35. Kf1 Rxe2 36. Kxe2 Nc1+ 37. Ke3 Ke6 38. Be4 Nxa2 39. g4 Nb4 40.
f5+ Kf6 41. fxg6 hxg6 42. Kd4 b6 43. h4 c5+ 44. Ke3 Na6 45. h5 gxh5 46. gxh5
Kg5 47. Bg6 Nc7 48. Ke4 b5 49. cxb5 Nxb5 50. Kd5 Nd4 1/2-1/2

[Event "C.to Europeo U12 femminile"]
[Site "Fermo ITA"]
[Date "2009.09.08"]
[Round "8"]
[White "Khomeriki, Nino"]
[Black "Haussernot, Cecile"]
[Result "0-1"]
[WhiteElo "1639"]
[BlackElo "1995"]
[PlyCount "112"]
[EventDate "2009.08.31"]

1. Nf3 c5 2. c4 Nf6 3. Nc3 Nc6 4. g3 g6 5. Bg2 Bg7 6. O-O O-O 7. e3 e6 8. d4
cxd4 9. exd4 d5 10. c5 b6 11. Bf4 bxc5 12. dxc5 Ne8 13. Qd2 f6 14. Rfd1 Kh8 15.
Bh6 Nc7 16. Bxg7+ Kxg7 17. Rab1 Rb8 18. a3 Na5 19. b4 Nc4 20. Qa2 a6 21. a4 Bd7
22. Bf1 Ne5 23. Nd4 Nc6 24. Nxc6 Bxc6 25. b5 axb5 26. axb5 Be8 27. b6 Na8 28.
Bb5 Rf7 29. Bxe8 Qxe8 30. Nb5 Qc6 31. Nd4 Qe8 32. Re1 Re7 33. Qa5 e5 34. Nb5 e4
35. Nd6 Qd8 36. Nc4 dxc4 37. Red1 Rd7 38. Qa4 Rd3 39. Kg2 Kh8 40. Qa7 e3 41.
fxe3 Qd5+ 42. Kf2 Re8 43. Rxd3 Qxd3 44. Re1 Qf5+ 45. Kg2 Qxc5 46. Qf7 Qc6+ 47.
e4 Nxb6 48. h4 Qe6 49. Qc7 Rc8 50. Qb7 c3 51. Rb1 Qa2+ 52. Kh3 Qxb1 53. Qf7
Qh1+ 54. Kg4 Qxe4+ 55. Kh3 Qh1+ 56. Kg4 Rc4+ 0-1

[Event "C.to Europeo U12 femminile"]
[Site "Fermo ITA"]
[Date "2009.09.08"]
[Round "8"]
[White "Paolillo, Gaia"]
[Black "Kaforou, Mirto-Iro"]
[Result "1-0"]
[WhiteElo "1497"]
[BlackElo "1421"]
[PlyCount "93"]
[EventDate "2009.08.31"]

1. e4 e5 2. Nf3 Nf6 3. Nc3 Nc6 4. Bc4 Bc5 5. d3 h6 6. Be3 Bb6 7. Qd2 d6 8.
O-O-O Bxe3 9. Qxe3 Be6 10. Bxe6 fxe6 11. d4 exd4 12. Nxd4 Qd7 13. Kb1 a6 14.
Qh3 Nxd4 15. Rxd4 e5 16. Qxd7+ Nxd7 17. Rd3 O-O-O 18. Rg3 g5 19. Nd5 Rde8 20.
Rc3 c6 21. Rd1 Kb8 22. Ne3 Nf6 23. f3 Re6 24. Rcd3 Kc7 25. c4 b5 26. b3 bxc4
27. Nxc4 d5 28. exd5 cxd5 29. Ne3 d4 30. Nf5 Nd5 31. Re1 Nf4 32. Rd2 Rf8 33.
Ng3 d3 34. Ne4 Rd8 35. Nc5 Rc6 36. Rxe5 Kd6 37. Nxd3 Kc7 38. Re3 Nd5 39. Re1
Nb4 40. Re7+ Kb6 41. Nxb4 Rxd2 42. Nxc6 Kxc6 43. Re6+ Kb7 44. Rxh6 Rxg2 45. Rh3
Kb6 46. Rg3 Rxg3 47. hxg3 1-0

[Event "C.to Europeo U12 femminile"]
[Site "Fermo ITA"]
[Date "2009.09.08"]
[Round "8"]
[White "Petrosino, Elena"]
[Black "Galante, Carlotta"]
[Result "1/2-1/2"]
[WhiteElo "1440"]
[BlackElo "1284"]
[PlyCount "81"]
[EventDate "2009.08.31"]

1. e4 c5 2. Nf3 d6 3. d4 cxd4 4. Qxd4 Nf6 5. Nc3 a6 6. Bg5 e5 7. Qd2 Be7 8. Bc4
O-O 9. O-O-O Nbd7 10. Bxf6 Nxf6 11. h4 b5 12. Bd5 Nxd5 13. Nxd5 Bb7 14. Nxe7+
Qxe7 15. Qxd6 Qxd6 16. Rxd6 Bxe4 17. Re1 Bxf3 18. gxf3 Rfe8 19. Rd5 f6 20. Rd7
h6 21. Rg1 g5 22. hxg5 hxg5 23. Rh1 e4 24. fxe4 Rxe4 25. Rd6 Kg7 26. Rg1 a5 27.
Kd2 b4 28. f3 Rf4 29. Ke3 Re8+ 30. Kf2 Rc4 31. Rc1 a4 32. c3 Rec8 33. Rd3 a3
34. b3 Rxc3 35. Rdxc3 Rxc3 36. Rxc3 bxc3 37. Ke2 f5 38. b4 Kf6 39. Kd3 Ke5 40.
Kxc3 Kf4 41. b5 1/2-1/2

[Event "C.to Europeo U12 femminile"]
[Site "Fermo ITA"]
[Date "2009.09.09"]
[Round "9"]
[White "Haussernot, Cecile"]
[Black "Menzi, Nezihe Ezgi"]
[Result "1-0"]
[WhiteElo "1995"]
[BlackElo "1723"]
[PlyCount "143"]
[EventDate "2009.08.31"]

1. e4 c5 2. Nc3 Nc6 3. g3 g6 4. Bg2 Bg7 5. Nge2 d6 6. O-O e6 7. d3 Nge7 8. Bg5
O-O 9. Qd2 Rb8 10. Bh6 Nd4 11. Bxg7 Kxg7 12. Nxd4 cxd4 13. Ne2 Nc6 14. b4 Qb6
15. Rab1 a6 16. a4 Bd7 17. b5 axb5 18. axb5 Ne7 19. Qb4 Rfc8 20. Rb2 e5 21.
Rfb1 Qc5 22. Qd2 Ra8 23. f4 b6 24. f5 Ng8 25. h4 Ra5 26. Nc1 Qc3 27. Qf2 Nf6
28. Bh3 Ra1 29. g4 Rxb1 30. Rxb1 Nxe4 31. Qe2 Nd2 32. Na2 Qxc2 33. Rd1 Qxa2 34.
Rxd2 Qb1+ 35. Kh2 Bxb5 36. g5 Rc1 37. f6+ Kf8 38. Bg2 Rc8 39. h5 Kg8 40. Bd5
Bc6 41. Qg4 Rc7 42. Bxc6 Qc1 43. Ra2 Qxc6 44. hxg6 fxg6 45. Qe6+ Rf7 46. Kg3
Kf8 47. Ra6 Rc7 48. Ra8+ Qxa8 49. Qxd6+ Kg8 50. Qxc7 Qf8 51. Qxb6 e4 52. Qe6+
Qf7 53. Qxe4 Qc7+ 54. Kf3 Qd7 55. Kf4 Qc7+ 56. Qe5 Qc1+ 57. Ke4 Qe3+ 58. Kd5
Qxe5+ 59. Kxe5 Kf7 60. Kxd4 h6 61. gxh6 Kxf6 62. h7 Kg7 63. Ke5 Kxh7 64. Kf6 g5
65. Kxg5 Kg7 66. d4 Kf7 67. Kf5 Ke7 68. Ke5 Kd7 69. Kd5 Kc7 70. Ke6 Kd8 71. Kd6
Ke8 72. Kc7 1-0

[Event "C.to Europeo U14"]
[Site "Fermo ITA"]
[Date "2009.08.31"]
[Round "1"]
[White "Andersen, Mads"]
[Black "McClement, Andrew"]
[Result "1/2-1/2"]
[WhiteElo "2336"]
[BlackElo "1893"]
[PlyCount "88"]
[EventDate "2009.08.31"]

1. e4 c5 2. Nf3 d6 3. d4 cxd4 4. Nxd4 Nf6 5. Nc3 e6 6. Be2 a6 7. O-O Be7 8. a4
Qc7 9. Be3 b6 10. f4 Bb7 11. Bf3 Nbd7 12. Nb3 O-O 13. g4 Nc5 14. Nxc5 bxc5 15.
g5 Nd7 16. Bg2 Rfd8 17. Qh5 Nb6 18. Rad1 d5 19. exd5 Nxd5 20. Nxd5 Bxd5 21.
Bxd5 Rxd5 22. Rxd5 exd5 23. Qf3 Rd8 24. Bd2 c4 25. Re1 Bc5+ 26. Kh1 d4 27. f5
Bf8 28. Qe4 Qb6 29. a5 Qb5 30. Kg1 d3 31. cxd3 cxd3 32. b4 Qd7 33. g6 hxg6 34.
fxg6 Qd4+ 35. Kg2 Qxe4+ 36. Rxe4 fxg6 37. Kf3 Kf7 38. Ke3 Bd6 39. h4 Be7 40.
Rd4 Rxd4 41. Kxd4 Bxh4 42. Kxd3 Ke6 43. b5 Kd5 44. bxa6 Kc6 1/2-1/2

[Event "C.to Europeo U14"]
[Site "Fermo ITA"]
[Date "2009.08.31"]
[Round "1"]
[White "Atnilov, Michael"]
[Black "Bok, Benjamin"]
[Result "1/2-1/2"]
[WhiteElo "1898"]
[BlackElo "2360"]
[PlyCount "91"]
[EventDate "2009.08.31"]

1. e4 e5 2. Nf3 Nc6 3. Bc4 Bc5 4. d3 Nf6 5. c3 d6 6. Nbd2 O-O 7. h3 a6 8. a4
Ba7 9. O-O Ne7 10. Re1 Ng6 11. Nf1 Be6 12. Bb3 Nh5 13. d4 Nhf4 14. Bxf4 Nxf4
15. Ng3 Qf6 16. Bc2 c5 17. d5 Bd7 18. c4 Bb6 19. a5 Bc7 20. Ba4 Bc8 21. Bc2 g6
22. Ra3 Qd8 23. Qd2 f5 24. b4 cxb4 25. Qxb4 b6 26. Nxe5 bxa5 27. Qc3 dxe5 28.
c5 Nxg2 29. Kxg2 f4 30. d6 Qg5 31. h4 f3+ 32. Kg1 Qxh4 33. Qxe5 Rf6 34. Bb3+
Kg7 35. Qe7+ Kh6 36. Bc4 Qxg3+ 37. fxg3 f2+ 38. Kf1 Bh3+ 39. Ke2 Bd8 40. Qe5
f1=Q+ 41. Rxf1 Bxf1+ 42. Kd2 Bxc4 43. g4 Rf2+ 44. Kd1 Rf1+ 45. Kc2 Rf2+ 46. Kd1
1/2-1/2

[Event "C.to Europeo U14"]
[Site "Fermo ITA"]
[Date "2009.08.31"]
[Round "1"]
[White "Berbatov, Kiprian"]
[Black "Manole, Stefan"]
[Result "1-0"]
[WhiteElo "2398"]
[BlackElo "1902"]
[PlyCount "105"]
[EventDate "2009.08.31"]

1. e4 c6 2. d4 d5 3. e5 Bf5 4. Nc3 e6 5. g4 Bg6 6. Nge2 c5 7. h4 h5 8. Nf4 Bh7
9. Nxh5 Nc6 10. dxc5 Bxc5 11. Bg2 Bg6 12. Bg5 Be7 13. Bxe7 Ngxe7 14. Nxg7+ Kf8
15. Nh5 Bxh5 16. gxh5 Nf5 17. Qe2 Nxh4 18. f4 Rg8 19. Bf1 Nd4 20. Qf2 Nhf3+ 21.
Kd1 Qb6 22. Nb5 a6 23. Be2 axb5 24. Bxf3 Qa7 25. Be2 Nxe2 26. Kxe2 Qxf2+ 27.
Kxf2 Kg7 28. Rhg1+ Kh6 29. Rxg8 Rxg8 30. c3 Ra8 31. a3 Rg8 32. Rd1 Rc8 33. Kf3
Kxh5 34. Rg1 Kh6 35. Rg2 Re8 36. f5 Rc8 37. f6 Rc7 38. Rg7 Rd7 39. Ke3 Rc7 40.
Kd3 b6 41. Rg8 Kh7 42. Rg4 Kh6 43. Rg7 Kh5 44. Kc2 d4 45. Kb3 d3 46. Kb4 Rc5
47. Rxf7 d2 48. Rh7+ Kg6 49. Rg7+ Kh6 50. Rg1 Rxe5 51. f7 Rf5 52. Rd1 Rxf7 53.
Rxd2 1-0

[Event "C.to Europeo U14"]
[Site "Fermo ITA"]
[Date "2009.08.31"]
[Round "1"]
[White "Bujnosek, Tomas"]
[Black "Pardo Simon, David"]
[Result "1/2-1/2"]
[WhiteElo "1887"]
[BlackElo "2321"]
[PlyCount "98"]
[EventDate "2009.08.31"]

1. e4 c5 2. Nf3 e6 3. d4 cxd4 4. Nxd4 a6 5. Nc3 Qc7 6. Bd3 Nf6 7. Qe2 d6 8. O-O
Be7 9. f4 Nbd7 10. Nb3 b5 11. a3 Bb7 12. Bd2 O-O 13. Rae1 e5 14. Nd1 exf4 15.
Bxf4 Rfe8 16. Nd4 Bf8 17. Nc3 g6 18. Bg5 Bg7 19. Qf2 h6 20. Be3 Ne5 21. h3 Nfd7
22. Nb3 Rac8 23. Bd4 Nc5 24. Nxc5 dxc5 25. Be3 Red8 26. Be2 Re8 27. Rd1 Qe7 28.
Nd5 Bxd5 29. Rxd5 Nd7 30. Bg4 f5 31. exf5 Nf6 32. Bxc5 Qb7 33. fxg6 Qxd5 34.
Bxc8 Rxc8 35. Be7 Rc6 36. Qf4 Qe6 37. Bxf6 Bxf6 38. Qxh6 Rc7 39. Qf4 Qb6+ 40.
Kh1 Kg7 41. c3 Rc4 42. Qf5 Qd6 43. Qf3 Qc6 44. Qf5 Re4 45. Qh5 Rh4 46. Qf5 Rh6
47. Rd1 Rxg6 48. Rd7+ Kh6 49. Qf4+ Rg5 1/2-1/2

[Event "C.to Europeo U14"]
[Site "Fermo ITA"]
[Date "2009.08.31"]
[Round "1"]
[White "Pirverdiyev, Agil Kamran Oglu"]
[Black "Bukavshin, Ivan"]
[Result "0-1"]
[WhiteElo "1905"]
[BlackElo "2404"]
[PlyCount "74"]
[EventDate "2009.08.31"]

1. e4 c5 2. Nf3 d6 3. d4 cxd4 4. Nxd4 Nf6 5. Nc3 Nc6 6. Be3 Ng4 7. Bb5 Nxe3 8.
fxe3 Bd7 9. O-O e6 10. Qh5 g6 11. Qf3 Qe7 12. Rad1 Bg7 13. Ba4 O-O 14. Bb3 Ne5
15. Qe2 a6 16. a4 Rac8 17. Rd2 Rfd8 18. Nd1 Qe8 19. Nc3 Bc6 20. Rdd1 Kh8 21.
Rf2 Bd7 22. Rff1 Rc5 23. Qd2 b5 24. axb5 axb5 25. Nce2 Bc8 26. c3 Bb7 27. Ng3
h5 28. Qf2 Qe7 29. Bc2 Kg8 30. Nge2 Ng4 31. Qg3 Bh6 32. Rf3 Ne5 33. Rff1 Nc4
34. Rf3 Qg5 35. Qxg5 Bxg5 36. Nb3 Rc7 37. Bd3 Nxb2 0-1

[Event "C.to Europeo U14"]
[Site "Fermo ITA"]
[Date "2009.09.01"]
[Round "2"]
[White "Altini, Nicola"]
[Black "Veinberg, Nimrod"]
[Result "1/2-1/2"]
[WhiteElo "2078"]
[BlackElo "1869"]
[PlyCount "37"]
[EventDate "2009.08.31"]

1. d4 d5 2. Nf3 c5 3. dxc5 Nc6 4. c3 a5 5. Nd4 e5 6. Nxc6 bxc6 7. b4 d4 8. cxd4
Qxd4 9. Qxd4 exd4 10. Bb2 axb4 11. Bxd4 Be6 12. a4 Ne7 13. Nd2 Nf5 14. e3 Nxd4
15. exd4 g6 16. Bc4 Bxc4 17. Nxc4 Bg7 18. Ne5 Bxe5 19. dxe5 1/2-1/2

[Event "C.to Europeo U14"]
[Site "Fermo ITA"]
[Date "2009.09.01"]
[Round "2"]
[White "Altini, Ruggiero"]
[Black "Pirverdiyev, Agil Kamran Oglu"]
[Result "0-1"]
[WhiteElo "1521"]
[BlackElo "1905"]
[PlyCount "52"]
[EventDate "2009.08.31"]

1. e4 c5 2. Nf3 d6 3. d4 cxd4 4. Nxd4 Nf6 5. Nc3 Bd7 6. f3 e5 7. Nb3 Bc6 8. Bg5
Nbd7 9. Qd2 h6 10. Bh4 Nxe4 11. Nxe4 Qxh4+ 12. g3 Qe7 13. Na5 f5 14. Nxc6 bxc6
15. Nc3 Qe6 16. Bh3 d5 17. O-O Bc5+ 18. Kh1 O-O 19. Rfe1 Rab8 20. Rab1 Nb6 21.
Ne2 Nc4 22. Qc3 Bb4 23. Qd3 Bxe1 24. Rxe1 Nxb2 25. Qc3 Nc4 26. Nd4 exd4 0-1

[Event "C.to Europeo U14"]
[Site "Fermo ITA"]
[Date "2009.09.01"]
[Round "2"]
[White "Apresyan, Zohrak"]
[Black "Eltigani, Omar"]
[Result "1/2-1/2"]
[WhiteElo "2021"]
[BlackElo "2260"]
[PlyCount "93"]
[EventDate "2009.08.31"]

1. e4 c5 2. Nf3 e6 3. d4 cxd4 4. Nxd4 a6 5. c4 Nf6 6. Nc3 Bb4 7. Bd3 Nc6 8. Nc2
Be7 9. O-O Qc7 10. b3 Ne5 11. Bb2 Nfg4 12. g3 h5 13. h3 Nxd3 14. Qxd3 Ne5 15.
Qe2 b6 16. Rad1 Bb7 17. Ba3 Bxa3 18. Nxa3 Qc5 19. Nc2 b5 20. Nd4 h4 21. Qe3
hxg3 22. Qxg3 Rh6 23. b4 Qxc4 24. Ncxb5 axb5 25. Qxe5 Qc3 26. f3 Qe3+ 27. Rf2
Rxa2 28. Qb8+ Ke7 29. Qd6+ Kxd6 30. Nf5+ Ke5 31. Nxe3 Rxf2 32. Kxf2 Rxh3 33.
Rxd7 Bxe4 34. fxe4 Kxe4 35. Nf1 Rf3+ 36. Ke2 Rf4 37. Nd2+ Ke5 38. Nf3+ Kf6 39.
Nd4 e5 40. Nc2 g5 41. Rb7 Ke6 42. Rxb5 g4 43. Ne3 g3 44. Rb8 e4 45. Rg8 Rf2+
46. Ke1 Rb2 47. Rxg3 1/2-1/2